Word Ladder: Master of Coin Quiz Stats

 Plays Quiz not verified by Sporcle

Challenge
Share
Tweet
Embed
Score 0/21 Timer 02:00
0 Plays Today
Hint Answer % Correct
* Game of thrones episode '____ of the Bastards' *BATTLE
89.9%
* Small *LITTLE
87.2%
* House Stark motto '______ is coming' *WINTER
81.8%
* E.g., Index or pinky *FINGER
81.1%
Domesticated bovine animalsCATTLE
73.6%
ChampionWINNER
71.6%
E.g., Axl, Billie Joe, BjörkSINGER
62.2%
Layer between Earth's crust and outer coreMANTLE
59.5%
Home to the monkey, snake and tigerJUNGLE
58.8%
A slothful, envious or greedy personSINNER
58.8%
Edge position in hockey, soccer and rugbyWINGER
55.4%
Hint Answer % Correct
Petty gossip (Rung 2 - Rung 3)TATTLE
52.7%
Curved hindpart of a horse's saddleCANTLE
52.7%
Petty gossip (Rung 2 - Rung 3)TITTLE
52%
Adventure sport: _____ jumpingBUNGEE
50%
To make a mess ofBUNGLE
45.9%
To ruin or spoilMANGLE
38.5%
One who engages in brief periods of over indulgenceBINGER
38.5%
A discordant ringing soundJANGLE
36.5%
Exploding firework (Australian slang)BUNGER
35.1%
Twist into confused messTANGLE
30.4%

You're not logged in!

Compare scores with friends on all Sporcle quizzes.
Join for Free
OR
Log In

You Might Also Like...

Show Comments

Extras

Created Jul 19, 2016ReportNominate
Tags:6-letter, character, coin, master, throne

Top Quizzes Today


Score Distribution

Your Account Isn't Verified!

In order to create a playlist on Sporcle, you need to verify the email address you used during registration. Go to your Sporcle Settings to finish the process.

Report this User

Report this user for behavior that violates our Community Guidelines.

Details: